000 00688cam a2200217 a 4500
001 000007788
005 20200929154312.0
008 900621s1989 cu a 001 e spa
040 _aDO-SdBNP
_cDLC
_dDLC
082 _aCu864.42
_bJ95f
100 1 _aJunco, Pedro Armando,
_d1947-
_921493
245 1 3 _aLa furia de los vientos /
_cPedro Armando Junco ; edicción José Rodríguez Feo.
260 _aLa Habana :
_bUnión,
_c1989.
300 _a195 p. :
_bil. ;
_c19 cm.
586 _a"Premio David 1987".
650 4 _aEnsayos cubanos
_95691
650 4 _aLiteratura cubana
_91483
700 1 _aRodríguez Feo, José,
_eed.
_916879
910 _aCatalogación por copia / LC
049 _aBNGR
999 _c7566
_d7566